Beberapa jenis bambu

Bibliographic Details
Main Author: Sastapradja, Setijati (Author)
Format: Book
Published: Bogor : Lembaga Biologi Nasional LIPI , 1977
Subjects:

MARC

LEADER 00000cam a2200000 7i4500
001 0000007430
005 20021119093000.0
008 021119n
090 0 0 |a QK495.G74   |b S2 
100 0 |a Sastapradja, Setijati ,   |e author 
245 0 0 |a Beberapa jenis bambu   |c Setijati Sastrapradja...[dll.] 
260 2 |a Bogor :   |b Lembaga Biologi Nasional LIPI ,   |c 1977 
300 |a 96 ms. : ill. ; ;   |c 24 sm. 
650 0 |a Bamboo   |x Varieties 
999 |a 1000032628   |b Book   |c OPEN SHELF (30 DAYS)   |e Tembila Campus